[Event "Lleida-ch U18"]
[Site "Balaguer"]
[Date "2014.02.01"]
[Round "2.4"]
[White "Nieto Badia, Pau"]
[Black "Monfa Escola, Joel"]
[Result "1-0"]
[WhiteElo "1949"]
[BlackElo "1772"]
[PlyCount "113"]
[EventDate "2014.01.25"]
[EventType "swiss"]
[EventRounds "6"]
[EventCountry "ESP"]
[SourceTitle "EXT 2024"]
[Source "ChessBase"]
[SourceDate "2023.10.10"]
[SourceVersion "1"]
[SourceVersionDate "2023.10.10"]
[SourceQuality "1"]

1. d4 d6 2. c4 Nf6 3. Bg5 g6 4. Nc3 Bg7 5. e3 c6 6. Bd3 Nbd7 7. Nge2 h6 8. Bxf6 Nxf6 9. Qc2 d5 10. b3 Qd6 11. Rc1 0-0 12. 0-0 Ng4 13. Ng3 e5 14. cxd5 exd4 15. exd4 cxd5 16. Nb5 Qd7 17. Qb2 a6 18. Nc7 Rb8 19. Rc5 Nf6 20. Rfc1 Rd8 21. Nf1 Bf8 22. R5c2 Bb4 23. a3 Ba5 24. b4 Bxc7 25. Rxc7 Qd6 26. Qd2 Kg7 27. Qc2 Bd7 28. Ne3 Bc6 29. Rxc6 bxc6 30. Bxa6 Rb6 31. Bd3 Ra8 32. Qb2 Nh5 33. g3 Nf6 34. Ra1 h5 35. Rc1 Ng4 36. Ng2 Re8 37. h3 Nf6 38. Rc5 Ne4 39. Nf4 Nxc5 40. dxc5+ Qf6 41. Qxf6+ Kxf6 42. cxb6 Rb8 43. a4 Rxb6 44. b5 Ke5 45. a5 Rb8 46. bxc6 Kd6 47. c7 Rc8 48. Be2 Rxc7 49. Bf3 d4 50. a6 Ra7 51. Bb7 Kc7 52. Kf1 Kd6 53. Ke2 Kc5 54. Kd3 Kd6 55. Ne2 g5 56. Nxd4 Kc5 57. Nc6 1-0

[Event "Bellpuig op 2nd"]
[Site "Bellpuig"]
[Date "2012.01.28"]
[Round "3"]
[White "Nieto Badia, Pau"]
[Black "Rodon Balcells, Jaume"]
[Result "0-1"]
[WhiteElo "1515"]
[BlackElo "1881"]
[PlyCount "66"]
[EventDate "2012.01.14"]
[EventType "swiss"]
[EventRounds "8"]
[EventCountry "ESP"]
[SourceTitle "EXT 2014"]
[Source "ChessBase"]
[SourceDate "2013.11.20"]
[SourceVersion "1"]
[SourceVersionDate "2013.11.20"]
[SourceQuality "1"]

1. e4 e5 2. Nf3 Nc6 3. Bb5 Nf6 4. d3 Bc5 5. 0-0 d6 6. c3 Bg4 7. h3 Bh5 8. Nbd2 a6 9. Bc4 b5 10. Bb3 Na5 11. Bc2 Bb6 12. Re1 0-0 13. Nf1 Bg6 14. Ng3 Nh5 15. Nxh5 Bxh5 16. Bg5 Bxf3 17. Bxd8 Bxd1 18. Bxc7 Bxc7 19. Raxd1 Bb6 20. a4 f5 21. Re2 f4 22. b4 Nc6 23. Bb3+ Kh8 24. Bd5 Rac8 25. axb5 axb5 26. Red2 Ne7 27. c4 Nxd5 28. cxd5 Rc3 29. Ra1 h5 30. Ra6 Bc7 31. Ra7 h4 32. d4 exd4 33. Rxd4 Bb6 0-1

[Event "Lleida-ch U16"]
[Site "Vilanova de Segria"]
[Date "2012.01.21"]
[Round "2.9"]
[White "Nieto Badia, Pau"]
[Black "Villaro Cos, Jordi"]
[Result "0-1"]
[WhiteElo "1700"]
[BlackElo "1703"]
[PlyCount "85"]
[EventDate "2012.01.14"]
[EventType "swiss"]
[EventRounds "6"]
[EventCountry "ESP"]
[SourceTitle "EXT 2024"]
[Source "ChessBase"]
[SourceDate "2023.10.10"]
[SourceVersion "1"]
[SourceVersionDate "2023.10.10"]
[SourceQuality "1"]

1. e4 e5 2. Nf3 d6 3. Bc4 Nd7 4. d3 Be7 5. 0-0 Ngf6 6. Nc3 0-0 7. h3 Re8 8. Bg5 c6 9. Bxf6 Nxf6 10. Ng5 d5 11. Bb3 h6 12. Nf3 Bb4 13. Qd2 d4 14. a3 dxc3 15. bxc3 Bd6 16. Rfe1 Be6 17. Bxe6 Rxe6 18. d4 Qc7 19. c4 exd4 20. Qxd4 Be5 21. Nxe5 Qxe5 22. Qxe5 Rxe5 23. f3 Rc5 24. e5 Ne8 25. Re4 f5 26. Re3 Rxc4 27. Rb1 b5 28. c3 Rd8 29. g4 f4 30. Re4 Rxc3 31. a4 Rxf3 32. axb5 cxb5 33. Rxb5 Rd1+ 34. Kg2 Rg3+ 35. Kf2 Rd2+ 36. Ke1 Ra2 37. Kd1 Rg1+ 38. Re1 Ra1+ 39. Kd2 Raxe1 40. e6 Rxe6 41. Rb8 Kh7 42. Ra8 Re3 43. Kc2 0-1

[Event "Lleida-ch U16"]
[Site "Lleida"]
[Date "2011.??.??"]
[Round "5.6"]
[White "Nieto Badia, Pau"]
[Black "Anaya Ibars, Genis"]
[Result "0-1"]
[WhiteElo "1700"]
[BlackElo "1756"]
[PlyCount "104"]
[EventDate "2011.01.15"]
[EventType "tourn"]
[EventRounds "6"]
[EventCountry "ESP"]
[SourceTitle "EXT 2024"]
[Source "ChessBase"]
[SourceDate "2023.10.10"]
[SourceVersion "1"]
[SourceVersionDate "2023.10.10"]
[SourceQuality "1"]

1. e4 c6 2. Bc4 d5 3. exd5 cxd5 4. Bb5+ Nc6 5. Bxc6+ bxc6 6. d4 Nf6 7. Nf3 Bg4 8. Bg5 e6 9. Nbd2 c5 10. c3 Rb8 11. Bxf6 Qxf6 12. b3 cxd4 13. cxd4 Bb4 14. h3 Bxd2+ 15. Qxd2 Bxf3 16. gxf3 Qxf3 17. Rg1 Qe4+ 18. Kd1 0-0 19. Qg5 Qxd4+ 20. Ke1 Qxa1+ 21. Ke2 Qxa2+ 22. Kf1 Qa1+ 23. Kg2 Qf6 24. Qg3 Qg6 25. Qxg6 fxg6 26. Kh2 Rxb3 27. Rg2 Rff3 28. Kg1 Rxh3 29. Kf1 Rb2 30. Rg4 Rh1+ 31. Kg2 Rbb1 32. Ra4 Rbg1+ 33. Kf3 Rh3+ 34. Ke2 Rh2 35. Rxa7 Rgg2 36. Ra8+ Kf7 37. Ra7+ Kf6 38. Ra1 Rxf2+ 39. Ke3 Re2+ 40. Kf3 Rhf2+ 41. Kg4 h5+ 42. Kh4 Re3 43. Rf1 g5+ 44. Kxh5 Rh3+ 45. Kg4 Rxf1 46. Kxh3 Rg1 47. Kh2 Rg4 48. Kh3 Kf5 49. Kh2 Kf4 50. Kh3 Kf3 51. Kh2 d4 52. Kh3 Rh4# 0-1